Statistics for Boy Names by Meaning

Click here to take the quiz!

General Stats

  • This quiz has been taken 5 times
  • The average score is 29 of 50

Answer Stats

RankMeaningAnswer% Correct
#44Free oneFrank
100%
#55Ruler of the homeHenry
100%
#1SupplanterJames
100%
#3Graced by GodJohn
100%
#15WarlikeMark
100%
#13Gift of GodMatthew
100%
#4Who is like God?Michael
100%
#18SmallPaul
100%
#59RockPeter
100%
#7Brave rulerRichard
100%
#17CrownSteven
100%
#27One who honours GodTimothy
100%
#5Resolute protectorWilliam
100%
#11Christ-bearerChristopher
75%
#6BelovedDavid
75%
#16World rulerDonald
75%
#24FarmerGeorge
75%
#8He will addJoseph
75%
#20God is salvationJoshua
75%
#2Fame-brightRobert
75%
#9TwinThomas
75%
#52ExaltedAaron
50%
#54Red earthAdam
50%
#45DefenderAlexander
50%
#19ManlyAndrew
50%
#23HonourableBrian
50%
#10Free manCharles
50%
#12God is my judgeDaniel
50%
#25Wealthy guardianEdward
50%
#38JustJustin
50%
#60NarrowKyle
50%
#33Victory of the peopleNicholas
50%
#42Heard by GodSamuel
50%
#58Remembered by GodZachary
50%
#14PricelessAnthony
25%
#41Born of the right handBenjamin
25%
#34Eternal rulerEric
25%
#32SpearGary
25%
#43WatchfulGregory
25%
#28HealerJason
25%
#29Divinely peacefulJeffrey
25%
#21HandsomeKenneth
25%
#37Crowned with laurelsLarry
25%
#47NoblemanPatrick
25%
#26Counsel ruleRonald
25%
#30Little kingRyan
25%
#40Beacon hillBrandon
0%
#57Dark streamDouglas
0%
#39WandererScott
0%
#51Tile makerTyler
0%

Score Distribution

Percentile by Number Answered

Percent of People with Each Score

Your Score History

You have not taken this quiz